| 000 | 00512cam a2200205 a 4500 | ||
|---|---|---|---|
| 020 | _a0471902942 (v. 1) | ||
| 020 | _a0471602930 (v. 2) | ||
| 040 | _cDLC | ||
| 082 | 0 | 0 | _a620 WIL 1992 A038 Or. |
| 100 | 1 | _aMeriam, J. L. | |
| 245 | 1 | 0 | _aEngineering mechanics / |
| 250 | _a3rd ed | ||
| 260 |
_aNew York : _bWiley, _cc1992 |
||
| 300 |
_a2 v. : _bcol. ill. ; _c24 cm |
||
| 500 | _a"SI/English version." | ||
| 500 | _aIncludes index | ||
| 650 | 0 | _aMechanics, Applied | |
| 700 | 1 | 0 | _aKraige, L. G. |
| 942 | _cEK | ||
| 999 |
_c11455 _d11455 |
||